| 000 | 00479nam a2200121Ia 4500 | ||
|---|---|---|---|
| 008 | 220216s9999 xx 000 0 und d | ||
| 100 | _aHarris E M | ||
| 245 | 0 | _aPreliminary report on potential of rubber wood distillation as a source of chemicals (in Malaysia) | |
| 260 |
_bIn: Proceedings of the Tenth Processing Instructor;s Meeting, 19 June 1978, Kuala Lumpur, Malaysia, pp.69-87. _c1978 |
||
| 500 | _aAGRIS CD 1975-1980 | ||
| 700 | _aNor-Aisah-binti-Abdul-Aziz | ||
| 942 | _cBO | ||
| 999 |
_c47678 _d47678 |
||